000 00481nam a2200181Ia 4500
005 20250326141410.0
008 250326s9999 xx 000 0 und d
037 _aTextbook
040 _aFMSL
_beng
_cFMSL
041 _aeng
_2eng
084 _qFMSL
100 _aClough D J
_9737348
245 0 _aConcepts in Management Science
_cClough D J
260 _aNew Delhi
_bNew Delhi, Prentice-Hall of India
_c1963
300 _a431p
942 _cTB
999 _c1290121
_d1290121